Central Library OPAC University of Rajshahi

Very high-frequency techniques / (Record no. 66975)

MARC details
000 -LEADER
fixed length control field 00866nam a2200253 a 4500
001 - CONTROL NUMBER
control field 66975
003 - CONTROL NUMBER IDENTIFIER
rucl marc code BD-RjUL
005 - DATE AND TIME OF LATEST TRANSACTION
control field 20211209081612.0
008 - FIXED-LENGTH DATA ELEMENTS--GENERAL INFORMATION
fixed length control field 170321s1947 nyua b 001 0 eng d
035 ## - SYSTEM CONTROL NUMBER
System control number (BD-RjUL)67106
040 ## - CATALOGING SOURCE
Transcribing agency BD-RjUL
Modifying agency BD-RjUL
Language of cataloging eng
Original cataloging agency BD-RjUL
041 ## - LANGUAGE CODE
Language code of text/sound track or separate title eng
082 ## - DEWEY DECIMAL CLASSIFICATION NUMBER
Classification number 621.384151
Edition number 23
Author mark and year UNV 1947
110 1# - MAIN ENTRY--CORPORATE NAME
Corporate name or jurisdiction name as entry element United States
Subordinate unit Radio Research Laboratory, Harvard University.
9 (RLIN) 210323
245 10 - TITLE STATEMENT
Title Very high-frequency techniques /
Statement of responsibility, etc. Radio Research Laboratory, Harvard University; Editorial Direction of Herbert J. Reich ... [et. all]
250 ## - EDITION STATEMENT
Edition statement 1st ed.
260 ## - PUBLICATION, DISTRIBUTION, ETC. (IMPRINT)
Place of publication, distribution, etc. New York :
Name of publisher, distributor, etc. McGraw-Hill Book Co.,
Date of publication, distribution, etc. 1947.
300 ## - PHYSICAL DESCRIPTION
Pagination v. :
Illustrations ill. ;
Size 24 cm.
504 ## - BIBLIOGRAPHY, ETC. NOTE
Bibliography, etc Includes bibliographies.
505 0# - FORMATTED CONTENTS NOTE
Formatted contents note Vol.1 --v.1--
650 #0 - SUBJECT ADDED ENTRY--TOPICAL TERM
Topical term or geographic name as entry element Shortwave radio.
9 (RLIN) 198332
700 1# - ADDED ENTRY--PERSONAL NAME
Personal name Reich, Herbert Joseph,
Dates associated with a name 1900-,
942 ## - ADDED ENTRY ELEMENTS (KOHA)
Source of classification or shelving scheme Dewey Decimal Classification
Koha item type Books
Holdings
Lost status Source of classification or shelving scheme Damaged status Not for loan Collection code Permanent Location Current Location Shelving location Date acquired Source of acquisition Cost, normal purchase price Total Checkouts Full call number Date last seen Copy number Koha item type
  Dewey Decimal Classification   Not For Loan Non-fiction Central Library, University of Rajshahi Central Library, University of Rajshahi Reading Room 05/01/1959 Magrawhill Book Co 14.40   621.384151 UNV V-2 1947 21/03/2017 C-1 Books
  Dewey Decimal Classification   Not For Loan Non-fiction Central Library, University of Rajshahi Central Library, University of Rajshahi Reading Room 11/03/1967 Book, Cule 97.50   621.384151 UNV V-1 1947 01/04/2017 C-1 Books
  Dewey Decimal Classification     Non-fiction Central Library, University of Rajshahi Central Library, University of Rajshahi   11/03/1967 Book Centre 97.50   621.384151 UNV V-2 1947 29/05/2017 C-2 Books
  Dewey Decimal Classification     Non-fiction Central Library, University of Rajshahi Central Library, University of Rajshahi   05/01/1959 Magrow hill co. 14.40   621.384151 UNV V-1 1947 01/06/2017 C-2 Books